Statistics for flowers

Click here to take the quiz!

General Stats

  • This quiz has been taken 11 times
  • The average score is 11 of 15

Answer Stats

Answer% Correct
daffodil
100%
daisy
100%
poppy
100%
rose
100%
marigold
91%
sunflower
91%
cactus
82%
dandelion
82%
pansy
82%
snowdrop
73%
bluebell
55%
tulip
55%
acorn
36%
blossom
36%
lilac
36%

Score Distribution

Percentile by Number Answered

Percent of People with Each Score

Your Score History

You have not taken this quiz